Capitales du Monde (avec carte, sélection et aléatoire) - Statistiques

Statistiques générales
  • Ce quiz a été pris 27 fois
  • Le résultat moyen est 60 sur 200
Réponses sur la Carte
Les réponses sont colorées sur une échelle allant du rouge au vert en fonction du pourcentage des utilisateurs qui les ont devinées à leur premier essai. Vous pouvez retrouver ces pourcentages ci-dessous.
 
Statistiques - réponses
Capitales % Correct
Bruxelles
56%
Copenhague
56%
Santiago
56%
Abuja
44%
Alger
44%
Ankara
44%
Athènes
44%
Berne
44%
Bogota
44%
Buenos Aires
44%
Chisinau
44%
Dakar
44%
Erevan
44%
Hanoi
44%
Helsinki
44%
Jérusalem
44%
Kiev
44%
Kingston
44%
La Valette
44%
Le Caire
44%
Luxembourg
44%
Madrid
44%
Nicosie
44%
Prague
44%
Pyong Yang
44%
Rabat
44%
Seoul
44%
Sucre
44%
Tachkent
44%
Taipei
44%
Teheran
44%
Vatican
44%
Vienne
44%
Wellington
44%
Abou Dabi
33%
Achgabat
33%
Addis-Abeba
33%
Amman
33%
Antananarivo
33%
Asuncion
33%
Bagdad
33%
Bamako
33%
Bangui
33%
Belmopan
33%
Berlin
33%
Beyrouth
33%
Bichkek
33%
Bissau
33%
Brazzaville
33%
Bucarest
33%
Budapest
33%
Canberra
33%
Dacca
33%
Damas
33%
Dili
33%
Djibouti
33%
Doha
33%
Dublin
33%
Freetown
33%
Georgetown
33%
Gitega
33%
Guatemala
33%
Harare
33%
Islamabad
33%
Kaboul
33%
Katmandou
33%
Khartoum
33%
Kigali
33%
Kinshasa
33%
Koweit
33%
Kuala Lumpur
33%
La Paz (Bolivie)
33%
Libreville
33%
Lilongwe
33%
Lima
33%
Lisbonne
33%
Lomé
33%
Londres
33%
Malé
33%
Managua
33%
Manille
33%
Mexico
33%
Minsk
33%
Mogadiscio
33%
Monaco
33%
Monte Video
33%
Oslo
33%
Ottawa
33%
Ouagadougou
33%
Oulan Bator
33%
Panama
33%
Phnom Penh
33%
Porto-Novo
33%
Pretoria
33%
Pristina
33%
Quito
33%
Reykjavik
33%
Riga
33%
Riyad
33%
Rome
33%
Saint-Domingue
33%
Saint John's
33%
San Salvador
33%
São Tomé
33%
Sarajevo
33%
Singapour
33%
Stockholm
33%
Suva
33%
Tokyo
33%
Tripoli
33%
Varsovie
33%
Victoria
33%
Windhoek
33%
Yamoussoukro
33%
Yaren
33%
Zagreb
33%
Accra
22%
Amsterdam
22%
Andorre-la-Vieille
22%
Apia
22%
Asmara
22%
Astana
22%
Bakou
22%
Bandar
22%
Bangkok
22%
Banjul
22%
Basseterre
22%
Beijing
22%
Belgrade
22%
Bloemfontein
22%
Brasilia
22%
Bratislava
22%
Caracas
22%
Conakry
22%
Douchanbe
22%
Funafuti
22%
Gaborone
22%
Honiara
22%
Jakarta
22%
Kampala
22%
Kingstown
22%
La Havane
22%
La Paz (Guinée Équatoriale)
22%
Le Cap
22%
Ljubljana
22%
Luanda
22%
Manama
22%
Maputo
22%
Mascate
22%
Maseru
22%
Mbabane
22%
Monrovia
22%
Moroni
22%
Moscou
22%
Nairobi
22%
Nassau
22%
Naypyidaw
22%
N'Djamena
22%
New Delhi
22%
Niamey
22%
Nouakchott
22%
Paramaribo
22%
Paris
22%
Podgorica
22%
Port-au-Prince
22%
Port Louis
22%
Port Moresby
22%
Praia
22%
Saint-Marin
22%
Sana'a
22%
San Jose
22%
Skopje
22%
Sofia
22%
Sri Jayawardenepura Kotte
22%
Tallinn
22%
Tarawa
22%
Tbilissi
22%
Tegucigalpa
22%
Thimphou
22%
Tirana
22%
Tunis
22%
Vaduz
22%
Vientiane
22%
Vilnius
22%
Washington
22%
Yaoundé
22%
Bridgetown
11%
Castries
11%
Cotonou
11%
Djouba
11%
Dodoma
11%
Lusaka
11%
Majuro
11%
Melekeok
11%
Nuku'alofa
11%
Palikir
11%
Port-d'Espagne
11%
Port-Vila
11%
Roseau
11%
Saint-Georges
11%
Aucun quiz correspondant
Distribution des résultats
% des personnes avec chaque résultat
Percentile par nombre de réponses
Votre historique - résultats
Vous n’avez pas pris ce quiz